00581nam a22001697a 45000010005000000030006000050050017000110080041000280400029000690500014000980820008001121000034001202450056001542600057002103000025002675200119002923218FISKH20240220114009.0240220b cb ||||| |||| 00| 0 eng d aFISKHbengcFISKHdFISKH aPZ7.E1978 a813 aEckert. Allan W. d1931- 2011 aIncident at the hawk's hill / .cBy Allan W. Eckert aLondon :bHamish Hamilton Children's Books Ltdc1971 a148 pages : c23 cm  aA shy, lonely six-year-old wanders into the Canadian prairie and spends a summer under the protection of a badger.